00419nam a2200169 a 450000100060000000300090000600800410001502000150005604000280007108200160009910000180011524500250013326000340015830000100019249000250020265000220022719314CO-ViMGA141112s2004 ck r 000 u spa d a8475223438 aCO-ViMGAbspacCO-ViMGA04a861.6 C375a1 aCernuda, Luis10aAntología personal aMadrid : bVisor Libros; 2002 a47 p. aVisor de Poesia; 34314aPOESIA ESPAÑOLA